कथरी: टुकड़े-टुकड़े जिंदगी से बुना हुआ कथा संग्रह / (Record no. 205859)
[ view plain ]
| 000 -LEADER | |
|---|---|
| fixed length control field | 00886nam a22002057a 4500 |
| 005 - DATE AND TIME OF LATEST TRANSACTION | |
| control field | 20240926170500.0 |
| 010 ## - LCCN (DPL NO) | |
| LC control number | HIN-128458 |
| 020 ## - INTERNATIONAL STANDARD BOOK NUMBER | |
| International Standard Book Number | 9789393385574 |
| Terms of availability | 250.00 |
| 035 ## - SYSTEM CONTROL NUMBER | |
| System control number | HN-100804 |
| 037 ## - SOURCE OF ACQUISITION | |
| Source of stock number/acquisition | DBAD |
| 082 ## - DEWEY DECIMAL CLASSIFICATION NUMBER | |
| Classification number | क |
| 100 ## - MAIN ENTRY--PERSONAL NAME | |
| Personal name | सिन्हा, पी. के. |
| 245 ## - TITLE STATEMENT | |
| Title | कथरी: टुकड़े-टुकड़े जिंदगी से बुना हुआ कथा संग्रह / |
| Statement of responsibility, etc | पी. के. सिन्हा |
| 250 ## - EDITION STATEMENT | |
| Edition statement | प्रथम |
| 260 ## - PUBLICATION, DISTRIBUTION, ETC. (IMPRINT) | |
| Place of publication, distribution, etc | नोएडा, उ. प्र. |
| Name of publisher, distributor, etc | BlueRose Publishers |
| Date of publication, distribution, etc | 2023 |
| 270 ## - ADDRESS | |
| Address | ABL Workspaces, B-6, Amaltash Marg, Block B, Sector 4, |
| City | नोएडा, उ. प्र. |
| Telephone number | 91 8882898898 |
| Electronic mail address | info@bluerosepublishers.com |
| 300 ## - PHYSICAL DESCRIPTION | |
| Extent | 161 पृ. |
| Dimensions | 20 सेमी (अजिल्द) |
| 650 ## - SUBJECT ADDED ENTRY--TOPICAL TERM | |
| Topical term or geographic name as entry element | हिन्दी |
| 942 ## - ADDED ENTRY ELEMENTS (KOHA) | |
| Institution code [OBSOLETE] | dpl |
| Item type | Hindi Books |
| Source of classification or shelving scheme | Dewey Decimal Classification |
| Classification part | क |
| Call number suffix | सिन्हा |
| Withdrawn status | Lost status | Not for loan | Collection code | Home library | Current library | Date acquired | Source of acquisition | Cost, normal purchase price | Full call number | Barcode | Copy number | Cost, replacement price | Koha item type |
|---|---|---|---|---|---|---|---|---|---|---|---|---|---|
| Fiction | Shahdara Branch | Shahdara Branch | 23/09/2024 | DBAD | 250.00 | क सिन्हा | HN-100804 | 1 | 250.00 | Hindi Books |
